000 00739nam a2200217 i 4500
001 bg
245 0 0 _aBudowa geologiczna Polski.
_nT.7,
_pHydrogeologia /
_cpod red. nauk. Jana Malinowskiego ; aut. Józef Chowaniec [et al.] ; Państwowy Instytut Geologiczny.
260 _aWarszawa :
_bWydawnictwa Geologiczne,
_c1991.
300 _a275 s., [1] k.tabl. złoż. :
_bmapy, rys., wykr. ;
_c24 cm.
504 _aBibliogr. s. 266-275.
700 1 _aMALINOWSKI, Jan.
_eRed.
700 1 _aCHOWANIEC, Józef.
710 _aPAŃSTWOWY INSTYTUT GEOLOGICZNY
020 _a8322004117 (t.7)
040 _cBPK
041 _apol
080 _a55(438)
920 _a83-220-0411-7 (t.7)
942 _cKS
008 s pl f |000 0 pol
999 _c29891
_d29891
856 _uhttp://koha.tu.koszalin.pl/cgi-bin/koha/opac-detail.pl?biblionumber=29891
_yKatalog online BPK